00430cam a22001337a 4500008004000000082001300040100002100053245006600074260002400140300001000164500002000174999001900194952008300213180718b1940 xxu||||| |||| 00| 0 eng d aA38 G187 aGarnett, Richard aThe Twilight of the gods, and other talescby Richard Garnett aLondonbWattsc1940 a118p. aFirst pub. 1889 c366413d366413 00104070aIIPAbIIPAd2010-02-11oA38 G187pA1198r2018-07-21w2018-07-21yA